000 00524nam a22002297a 4500
003 UA-OsUOA
001 36288
007 ta
008 20060713b un ||||| |||| 00| 0 ukr d
100 _aСоколюк З.
090 _a08-Публ
_bС59
942 _cBK
040 _aUA-OsUOA
_bukr
_cUA-OsUOA
_dUA-OsUOA
245 _aНа сторожі
_bпубліцистика
300 _a317 с.
955 _a1
041 _aukr
080 _a08-Публ
260 _aЛьвів
_c2000
650 7 _2UDC
999 _c434817
_d434817